¿Es válido y obligatorio que el notario solicite la obtención del certificado médico para la formalización de actos y contratos? (Registro nro. 22583)
[ vista simple ]
| 000 -Cabecera | |
|---|---|
| Campo de control interno | 02779nam a2200277 4500 |
| 001 - Número de control | |
| control field | ESSALUD |
| 005 - Fecha y hora de la última transacción | |
| Campo de control | 20260701102548.0 |
| 007 - Tipo material - Descripcion fisica - info general | |
| Tipo material - Descripcion fisica - info general | ta |
| 008 - Elementos de Longitud Fija - Información General | |
| Elementos de Longitud Fija - Información | t pe ||||| |||| 00| 0 spa d |
| 040 ## - Origen de la Catalogación | |
| Origen de la Catalogación | BMG |
| 041 ## - Idioma | |
| Idioma | spa |
| 100 ## - Autor | |
| Autor | Valderrama Chevarría, José Guillermo |
| Rol del Autor | Autor |
| 9 (RLIN) | 47323 |
| 245 ## - Titulo | |
| Titulo | ¿Es válido y obligatorio que el notario solicite la obtención del certificado médico para la formalización de actos y contratos? |
| Subtitulo | Cuando el Derecho Médico y el Derecho Civil se unen y brindan una adecuada e idónea respuesta |
| 246 ## - Variante del Titulo | |
| Titulo | Is it valid and mandatory for a notary public to require a medical certificate for the execution of legal acts and contracts? |
| Subtitulo | When Medical Law and Civil Law converge to provide a proper and suitable response |
| 300 ## - Páginas | |
| Paginación | páginas 219-228 |
| 520 ## - Resumen | |
| Resumen | Actualmente, cuando una persona adulto mayor se apersona a una notaría, en muchas ocasiones no pude concluir, ni iniciar el acto y/o contrato que contiene la transmisión de sus derechos patrimoniales, por requerírsele la obtención y tramitación del certificado médico de salud mental. El autor se pregunta si es válida esta exigencia. Así, refiere que, al momento de solicitar el certificado médico, el notario no restringe el derecho de libre contratación, sino que más bien resguarda dicha voluntad, con un recaudo técnico que acredita que la persona solicitante ejerce su manifestación de voluntad plena y sin restricciones en resguardo de la fe pública. Por ello, considera que es válida la exigencia del mencionado certificado médico. |
| 520 ## - Resumen | |
| Resumen | Currently, when an elderly person appears before a notary, they are frequently unable to initiate or conclude acts and/or contracts involving the transfer of property rights due to the requirement to obtain a mental health certificate. The author questions the validity of this mandate. He posits that by requesting this medical certificate, the notary does not infringe upon the freedom of contract, but rather safeguards the declarant's intent through a technical document. This document verifies that the applicant is exercising their manifestation of willfully and without restriction, thereby upholding public trust (fides publica). Consequently, the author maintains that the requirement for said medical certificate is legally valid. |
| 650 ## - Temas - Descriptores | |
| Temas - Descriptores | CERTIFICADO MÉDICO DE SALUD MENTAL |
| 9 (RLIN) | 52985 |
| 650 ## - Temas - Descriptores | |
| Temas - Descriptores | ADULTOS MAYORES |
| 9 (RLIN) | 32727 |
| 650 ## - Temas - Descriptores | |
| Temas - Descriptores | FE PÚBLICA NOTARIAL |
| 9 (RLIN) | 52986 |
| 650 ## - Temas - Descriptores | |
| Temas - Descriptores | OLDER ADULTS |
| 9 (RLIN) | 53034 |
| 650 ## - Temas - Descriptores | |
| Temas - Descriptores | MEDICAL CERTIFICATE OF MENTOL HEALTH |
| 9 (RLIN) | 53035 |
| 650 ## - Temas - Descriptores | |
| Temas - Descriptores | NOTORIAL PUBLIC TRUST |
| 9 (RLIN) | 52989 |
| 773 0# - Revista (Relacion con el numero) | |
| Host Biblionumber | 22573 |
| Host Itemnumber | 22620 |
| Ciudad, Editorial | Lima Grupo Praxis Formación Profesional, 2026- |
| Codigo barras item/ejemplar | PRA001 |
| Titulo de la Revista | Praxis Civil & Procesal Civil |
| Número de control de registro | ESSALUD |
| ISSN | 3119-7671 |
| 942 ## - Elementos de Koha | |
| Tipo de Documento | Artículos |
| Fecha procesamiento | 2026-06-30 |
| Catalogador | sqb |
No hay ítems disponibles.